| Registos Bibliográficos associados ao registo de autoridade |
|
Etiqueta de registo: 00230nam 2200025 450 001 1717419 003 http://id.bnportugal.gov.pt/bib/catbnp/1717419 100 ## $a20090630d2006 k y0pory0103 ba 101 0# $aporeng$deng 102 ## $aPT 105 ## $aa m 000yy 106 ## $ar 200 1# $aDesenvolvimento de novos produtos em vidro utilizando tecnologias de prototipagem
rápida$bTexto policopiado]$fAcácio José Viegas Pereira$gorient. Fernando Jorge Lino Alves 210 #9 $aPorto$c[s.n.],$d2006 215 ## $a117 p.$cil.$d30 cm$ecurriculum vitae (5 f. ) 320 ## $aBibliografia, p. 115-117 328 #0 $bTese mestr.$cDesign Industrial$eEsc. Superior de Artes E Design de Matosinhos. Fac. de Eng., Univ. do Porto$d2006 675 ## $a666.11/.28.032(043)$vBN$zpor$31387497 675 ## $a658.51(043)$vBN$zpor$31238295 675 ## $a7.05(043)$vBN$zpor$3818439 675 ## $a004.92(043)$vBN$zpor$31233873 700 #1 $aPereira,$bAcácio José Viegas,$f1976-$31383212 702 #1 $aAlves,$bFernando Jorge Lino$4727$3472488 801 #0 $aPT$bBN$gRPC 966 ## $lBN$mFGMON$sS.A. 126882 V.$x1
Etiqueta de registo: 00254nam 2200025 450 001 2284767 003 http://id.bnportugal.gov.pt/bib/catbnp/2284767 100 ## $a20250420d2024 k y0pory01030103ba 101 0# $apor 102 ## $aPT 105 ## $aa m 000yy 106 ## $ar 200 1# $aEcoBoard, tábua de engomar$eprojecto de desenvolvimento de produto$fAcácio José Viegas Pereira 210 #9 $aViana do Castelo$c[s.n.],$d2024 215 ## $a36 f.$cil.$d30 cm 300 ## $aTrabalho apresentado para obtenção do título de Especialista em Design, Instituto
Politécnico de Viana do Castelo, 2024 700 #1 $aPereira,$bAcácio José Viegas,$f1976-$31383212 801 #0 $aPT$bBN$gRPC 966 ## $lBN$mFGMON$x1 971 ## $cssilva$d20260420
|
|
|